000 00431nam a2200157Ia 4500
003 GCL
008 140319s9999 xx 000 0 eng d
040 _aGCL /
_cGCL
082 0 4 _a741.674
_bC A
100 1 _aGRUSHIKIN, PAUL D
245 1 0 _aTHE ART OF ROCK : PASTERS FROM PRESLEY TO PUNK /
_cGRUSHIKIN, PAUL D
260 _a[S.N] :
_bABBEVILLE PRESS PUBLISHERS ،
_c1987
300 _a347
650 0 4 _aPOSTERS
942 _2ddc
_cBK
999 _c10332
_d10332